[Event "New York Marshall Labor Day Schev"]
[Site "New York"]
[Date "2024.08.30"]
[Round "2.5"]
[White "Shangin, Lev"]
[Black "Martin Del Campo C, Roberto Abel"]
[Result "1-0"]
[WhiteElo "1974"]
[BlackElo "2216"]
[PlyCount "63"]
[EventDate "2024.08.29"]
[EventType "schev"]
[EventRounds "9"]
[EventCountry "USA"]
[SourceTitle "EXT 2025"]
[Source "ChessBase"]
[SourceDate "2024.10.14"]
[SourceVersion "1"]
[SourceVersionDate "2024.10.14"]
[SourceQuality "1"]

1. d4 Nf6 2. c4 d6 3. Nc3 Bf5 4. g3 c6 5. Bg2 e5 6. Nf3 Qc7 7. 0-0 Be7 8. Re1 h6 9. e4 Bg4 10. h3 Bxf3 11. Bxf3 0-0 12. Be3 a5 13. Bg2 Na6 14. f4 Nd7 15. d5 exf4 16. gxf4 Bf6 17. Bd4 Bxd4+ 18. Qxd4 Qb6 19. Qxb6 Nxb6 20. b3 Nb4 21. Re2 a4 22. Rb1 axb3 23. Rxb3 c5 24. a3 Nd3 25. Rxb6 Rxa3 26. Nb5 Rb3 27. Rxb7 Nxf4 28. Rf2 Nd3 29. Rd2 Ne5 30. Nxd6 Rc3 31. Rd1 Ra8 32. Nb5 1-0

[Event "GEO World Cup-A U10"]
[Site "Batumi"]
[Date "2024.06.28"]
[Round "6"]
[White "Shangin, Lev"]
[Black "Eshkol, Idan"]
[Result "1-0"]
[WhiteElo "2031"]
[BlackElo "1544"]
[PlyCount "77"]
[EventDate "2024.06.23"]
[EventType "swiss"]
[EventRounds "7"]
[EventCountry "GEO"]
[SourceTitle "EXT 2025"]
[Source "ChessBase"]
[SourceDate "2024.10.14"]
[SourceVersion "1"]
[SourceVersionDate "2024.10.14"]
[SourceQuality "1"]

1. d4 d6 2. c4 e5 3. d5 Be7 4. Nf3 Nf6 5. Nc3 c6 6. e4 Nbd7 7. Be2 Nf8 8. dxc6 bxc6 9. c5 d5 10. exd5 Bxc5 11. Nxe5 cxd5 12. 0-0 a6 13. Bg5 Be6 14. Qa4+ N8d7 15. Bxf6 Qxf6 16. Qc6 Qd8 17. Nxd7 Rc8 18. Qxa6 Bxd7 19. Nxd5 0-0 20. Rad1 Qg5 21. Nf6+ gxf6 22. Rxd7 Qe5 23. Bc4 Rb8 24. Bb3 Rbe8 25. Qc4 Bd6 26. g3 Rc8 27. Qg4+ Kh8 28. Rxf7 f5 29. Rxf8+ Rxf8 30. Qc4 Qg7 31. f4 Qxb2 32. Rf2 Qa1+ 33. Kg2 Bb8 34. Rc2 Qg7 35. Qc3 Rf6 36. Re2 Qb7+ 37. Qf3 Qc8 38. Qd5 Rd6 39. Qe5+ 1-0

[Event "GEO World Cup-A U10"]
[Site "Batumi"]
[Date "2024.06.25"]
[Round "3"]
[White "Bolashakov, Nurali"]
[Black "Shangin, Lev"]
[Result "1-0"]
[WhiteElo "1843"]
[BlackElo "2031"]
[PlyCount "51"]
[EventDate "2024.06.23"]
[EventType "swiss"]
[EventRounds "7"]
[EventCountry "GEO"]
[SourceTitle "EXT 2025"]
[Source "ChessBase"]
[SourceDate "2024.10.14"]
[SourceVersion "1"]
[SourceVersionDate "2024.10.14"]
[SourceQuality "1"]

1. e4 c5 2. Nf3 d6 3. d4 cxd4 4. Nxd4 Nf6 5. Nc3 a6 6. Bg5 Nbd7 7. f4 Qc7 8. Qf3 b5 9. 0-0-0 Bb7 10. Bd3 Qb6 11. Nb3 e6 12. Rhe1 b4 13. Nd5 exd5 14. exd5+ Kd8 15. Bf5 Kc7 16. Bh4 Qb5 17. c4 Qxc4+ 18. Kb1 Bxd5 19. Qe3 Nc5 20. Bxf6 gxf6 21. Rd4 Qb5 22. Rxd5 Qc6 23. Qf3 Re8 24. Red1 Rg8 25. Nxc5 dxc5 26. Bd7 1-0

[Event "New York 1000 GM Spring Schev"]
[Site "New York"]
[Date "2024.03.31"]
[Round "9.8"]
[White "Shangin, Lev"]
[Black "Urhegyi, Marton"]
[Result "1/2-1/2"]
[WhiteElo "1994"]
[BlackElo "2258"]
[PlyCount "30"]
[EventDate "2024.03.27"]
[EventType "schev"]
[EventRounds "9"]
[EventCountry "USA"]
[SourceTitle "CBM 219 Extra"]
[Source "ChessBase"]
[SourceDate "2024.05.31"]
[SourceVersion "1"]
[SourceVersionDate "2024.05.31"]
[SourceQuality "1"]

1. d4 e6 2. c4 b6 3. Nf3 Bb7 4. Bg5 Be7 5. Bxe7 Qxe7 6. Nc3 Nf6 7. e3 Ne4 8. Nxe4 Bxe4 9. Be2 0-0 10. 0-0 a5 11. Nd2 Bb7 12. Bf3 Bxf3 13. Qxf3 Nc6 14. a3 a4 15. Qg3 e5 1/2-1/2

[Event "New York 1000 GM Spring Schev"]
[Site "New York"]
[Date "2024.03.30"]
[Round "7.6"]
[White "Shangin, Lev"]
[Black "Jakovljevic, Vlado"]
[Result "0-1"]
[WhiteElo "1994"]
[BlackElo "2356"]
[PlyCount "40"]
[EventDate "2024.03.27"]
[EventType "schev"]
[EventRounds "9"]
[EventCountry "USA"]
[SourceTitle "CBM 219 Extra"]
[Source "ChessBase"]
[SourceDate "2024.05.31"]
[SourceVersion "1"]
[SourceVersionDate "2024.05.31"]
[SourceQuality "1"]

1. d4 d5 2. c4 dxc4 3. Nc3 a6 4. a4 Nc6 5. e3 Na5 6. Nf3 Nf6 7. Ne5 Be6 8. Be2 g6 9. 0-0 Bg7 10. Qc2 0-0 11. Bd2 c5 12. dxc5 Qc7 13. Nf3 Qxc5 14. Nd4 Bd7 15. Na2 Rfc8 16. Bb4 Qe5 17. Nf3 Qc7 18. Rad1 Bf5 19. Qd2 Nb3 20. Qe1 Bc2 0-1

[Event "New York 1000 GM Spring Schev"]
[Site "New York"]
[Date "2024.03.28"]
[Round "3.5"]
[White "Zaderman, Vitaly"]
[Black "Shangin, Lev"]
[Result "1/2-1/2"]
[WhiteElo "2177"]
[BlackElo "1994"]
[PlyCount "93"]
[EventDate "2024.03.27"]
[EventType "schev"]
[EventRounds "9"]
[EventCountry "USA"]
[SourceTitle "CBM 219 Extra"]
[Source "ChessBase"]
[SourceDate "2024.05.31"]
[SourceVersion "1"]
[SourceVersionDate "2024.05.31"]
[SourceQuality "1"]

1. d4 Nf6 2. c4 e6 3. Nc3 Bb4 4. e3 d5 5. a3 Be7 6. cxd5 exd5 7. Bd3 0-0 8. Nge2 Re8 9. 0-0 Bf8 10. f3 c5 11. Kh1 Nc6 12. Bd2 cxd4 13. exd4 b6 14. Rc1 Bd7 15. Ba6 Bc8 16. Bb5 Bd7 17. Bg5 a6 18. Ba4 Ne7 19. Bxf6 Bxa4 20. Qxa4 gxf6 21. Qb3 Nf5 22. f4 Rc8 23. Qxd5 Qxd5 24. Nxd5 Kg7 25. Ng3 Nxg3+ 26. hxg3 Rcd8 27. Nxb6 Rxd4 28. Rfd1 Rxd1+ 29. Rxd1 Re2 30. b4 Re3 31. Nd7 Rxa3 32. Nxf8 Kxf8 33. Rb1 Rxg3 34. Kh2 Ra3 35. b5 axb5 36. Rxb5 Kg7 37. g4 Rf3 38. Rf5 Kg6 39. Kg2 Ra3 40. Kf2 Ra4 41. Kf3 Ra1 42. Kf2 Ra8 43. Kg3 Ra2 44. Kf3 Rh2 45. Kg3 Ra2 46. Kf3 Ra1 47. Kg2 1/2-1/2

[Event "New York President's Day IM-C"]
[Site "New York"]
[Date "2024.02.18"]
[Round "7"]
[White "Podavonov, Alisher"]
[Black "Shangin, Lev"]
[Result "1/2-1/2"]
[WhiteElo "2175"]
[BlackElo "1879"]
[PlyCount "89"]
[EventDate "2024.02.15"]
[EventType "schev"]
[EventRounds "9"]
[EventCountry "USA"]
[SourceTitle "CBM 218 Extra"]
[Source "ChessBase"]
[SourceDate "2024.03.31"]
[SourceVersion "1"]
[SourceVersionDate "2024.03.31"]
[SourceQuality "1"]

1. Nf3 Nf6 2. g3 b5 3. Bg2 Bb7 4. 0-0 c5 5. d3 d6 6. e4 e6 7. Nbd2 Be7 8. Re1 Nc6 9. c3 Rc8 10. a3 Qb6 11. b4 cxb4 12. axb4 Ne5 13. Nxe5 dxe5 14. Bb2 0-0 15. Nb3 Rfd8 16. Qe2 a6 17. Bf1 Rc7 18. Qe3 Qxe3 19. Rxe3 Nd7 20. Na5 Ba8 21. f4 Bf6 22. c4 bxc4 23. Nxc4 exf4 24. Bxf6 Nxf6 25. gxf4 Rb7 26. Rxa6 Rxb4 27. Be2 Bb7 28. Ra1 Ra8 29. Rxa8+ Bxa8 30. Rg3 Rb1+ 31. Kg2 Kf8 32. Rg5 Nd7 33. Ra5 Rb8 34. Ra7 Nc5 35. Nd6 f5 36. Rf7+ Kg8 37. Rc7 fxe4 38. Rxc5 exd3+ 39. Kf2 dxe2 40. Kxe2 Rd8 41. Rc8 Rxc8 42. Nxc8 Kf7 43. Kf2 Kf6 44. h4 Bd5 45. Kg3 1/2-1/2

[Event "New York President's Day IM-C"]
[Site "New York"]
[Date "2024.02.17"]
[Round "5"]
[White "Campos Jimenez, Augusto Cesar"]
[Black "Shangin, Lev"]
[Result "1-0"]
[WhiteElo "2280"]
[BlackElo "1879"]
[PlyCount "57"]
[EventDate "2024.02.15"]
[EventType "schev"]
[EventRounds "9"]
[EventCountry "USA"]
[SourceTitle "CBM 218 Extra"]
[Source "ChessBase"]
[SourceDate "2024.03.31"]
[SourceVersion "1"]
[SourceVersionDate "2024.03.31"]
[SourceQuality "1"]

1. e4 c5 2. Nf3 e6 3. Nc3 a6 4. g3 b5 5. d4 cxd4 6. Nxd4 Bb7 7. Bg2 Nf6 8. 0-0 b4 9. Nd5 exd5 10. exd5 Bc5 11. Re1+ Kf8 12. Nf5 d6 13. Bf4 Bc8 14. Ne7 Ra7 15. Nxc8 Qxc8 16. Qd2 h6 17. a3 bxa3 18. b4 Bb6 19. Bxd6+ Kg8 20. c4 Kh7 21. c5 Bd8 22. Rxa3 Re8 23. Rae3 Rxe3 24. Qxe3 Rb7 25. c6 Rb5 26. Bc5 Kg8 27. Bf1 Rxc5 28. Qxc5 Qc7 29. Bg2 1-0

[Event "New York President's Day IM-C"]
[Site "New York"]
[Date "2024.02.16"]
[Round "3"]
[White "Quesada Vera, Liordis"]
[Black "Shangin, Lev"]
[Result "1/2-1/2"]
[WhiteElo "2333"]
[BlackElo "1879"]
[PlyCount "91"]
[EventDate "2024.02.15"]
[EventType "schev"]
[EventRounds "9"]
[EventCountry "USA"]
[SourceTitle "CBM 218 Extra"]
[Source "ChessBase"]
[SourceDate "2024.03.31"]
[SourceVersion "1"]
[SourceVersionDate "2024.03.31"]
[SourceQuality "1"]

1. g3 d5 2. Bg2 Nf6 3. d3 c5 4. Nd2 Nc6 5. e4 e5 6. Ngf3 d4 7. Nc4 Qc7 8. a4 h6 9. 0-0 Be6 10. Nh4 g5 11. Nf5 Nd7 12. Bh3 Rg8 13. Bd2 Nb6 14. Na3 Qd7 15. a5 Nc8 16. Nc4 Rg6 17. Qf3 Nd6 18. Nfxd6+ Bxd6 19. Bxe6 Qxe6 20. Qf5 Kd7 21. Qf3 Be7 22. Qh5 Rf8 23. c3 f5 24. cxd4 Nxd4 25. Qxg6 Nf3+ 26. Kg2 Qxg6 27. Kxf3 Ke6 28. Kg2 f4 29. Bc3 Bf6 30. f3 g4 31. fxg4 Qxg4 32. Rf3 Rg8 33. Raf1 h5 34. R1f2 Qg7 35. Kf1 Rd8 36. gxf4 exf4 37. Rg2 Qh7 38. Bxf6 Kxf6 39. Rxf4+ Ke6 40. Ke2 Rg8 41. Rgf2 Rg6 42. Rf7 Qh6 43. Rxb7 Qc1 44. Rxa7 Rg1 45. Ra6+ Ke7 46. Ra7+ 1/2-1/2

[Event "Wch U08"]
[Site "Batumi"]
[Date "2022.09.24"]
[Round "8"]
[White "Shangin, Lev"]
[Black "Safin, Safarullakhan"]
[Result "0-1"]
[WhiteElo "1402"]
[BlackElo "1377"]
[PlyCount "114"]
[EventDate "2022.09.16"]
[EventType "swiss"]
[EventRounds "11"]
[EventCountry "GEO"]
[SourceTitle "EXT 2023"]
[Source "ChessBase"]
[SourceDate "2022.10.05"]
[SourceVersion "1"]
[SourceVersionDate "2022.10.05"]
[SourceQuality "1"]

1. d4 Nf6 2. c4 e6 3. Nc3 Bb4 4. Qc2 b6 5. e4 Bb7 6. Bd3 Bxc3+ 7. bxc3 d5 8. cxd5 exd5 9. e5 Ne4 10. f3 Ng5 11. Ne2 Nd7 12. 0-0 h6 13. Ng3 Qe7 14. f4 Ne4 15. Nxe4 dxe4 16. Bxe4 0-0-0 17. Bxb7+ Kxb7 18. a4 a5 19. Ba3 Qe8 20. c4 Rg8 21. c5 Nb8 22. Rfc1 Qd7 23. cxb6 cxb6 24. Qe4+ Nc6 25. Rab1 Qxd4+ 26. Qxd4 Nxd4 27. Kf1 Ne6 28. f5 Nf4 29. Bc5 Nd5 30. Bf2 Nb4 31. Rd1 Rge8 32. Bg3 Na2 33. Bf2 Nb4 34. g4 Ka6 35. Rd6 Rxd6 36. exd6 Rd8 37. Bg3 Nd3 38. Rb3 Nc5 39. Rc3 Rd7 40. Rc4 Kb7 41. Ke2 Kc6 42. Ke3 Rd8 43. h4 Re8+ 44. Kd2 Kd5 45. d7 Rd8 46. Rf4 Ne4+ 47. Kd3 Nxg3 48. Rd4+ Kc6 49. Rc4+ Kxd7 50. Ke3 Re8+ 51. Kf2 Ne4+ 52. Kg2 Nc5 53. g5 hxg5 54. hxg5 Re4 55. Rxe4 Nxe4 56. g6 fxg6 57. fxg6 b5 0-1

[Event "Wch U08"]
[Site "Batumi"]
[Date "2022.09.21"]
[Round "6"]
[White "Shangin, Lev"]
[Black "Sodkhulegt, Naranbold"]
[Result "1-0"]
[WhiteElo "1402"]
[BlackElo "1168"]
[PlyCount "35"]
[EventDate "2022.09.16"]
[EventType "swiss"]
[EventRounds "11"]
[EventCountry "GEO"]
[SourceTitle "EXT 2023"]
[Source "ChessBase"]
[SourceDate "2022.10.05"]
[SourceVersion "1"]
[SourceVersionDate "2022.10.05"]
[SourceQuality "1"]

1. d4 d5 2. c4 e6 3. Nf3 Nf6 4. Bg5 Be7 5. e3 0-0 6. cxd5 exd5 7. Nc3 h6 8. Bh4 Be6 9. Bd3 b6 10. 0-0 c5 11. dxc5 bxc5 12. Rc1 Nc6 13. Bb5 Qd6 14. Bg3 Qd7 15. Ne5 Qc8 16. Nxc6 Qb7 17. Nxe7+ Qxe7 18. Qe2 1-0

[Event "Wch U08"]
[Site "Batumi"]
[Date "2022.09.20"]
[Round "5"]
[White "Llari, Marc"]
[Black "Shangin, Lev"]
[Result "1-0"]
[WhiteElo "1800"]
[BlackElo "1402"]
[PlyCount "75"]
[EventDate "2022.09.16"]
[EventType "swiss"]
[EventRounds "11"]
[EventCountry "GEO"]
[SourceTitle "EXT 2023"]
[Source "ChessBase"]
[SourceDate "2022.10.05"]
[SourceVersion "1"]
[SourceVersionDate "2022.10.05"]
[SourceQuality "1"]

1. e4 c5 2. Nf3 e6 3. d4 cxd4 4. Nxd4 a6 5. Nc3 Qc7 6. Be2 Nf6 7. 0-0 Nc6 8. Be3 Be7 9. f4 d6 10. Nb3 b5 11. a3 Bb7 12. Bf3 0-0 13. Qe1 Rfe8 14. g4 Nd7 15. Rd1 Rac8 16. g5 Nf8 17. Bg2 b4 18. axb4 Nxb4 19. Rd2 f6 20. h4 d5 21. gxf6 Bxf6 22. e5 Be7 23. Qg3 g6 24. h5 Red8 25. Nd4 Bc5 26. Nce2 Nc6 27. hxg6 hxg6 28. Bh3 Nxd4 29. Nxd4 Bxd4 30. Bxd4 Kf7 31. f5 gxf5 32. Bxf5 exf5 33. Rxf5+ Ke8 34. Rxf8+ Kxf8 35. Rf2+ Ke8 36. Qg6+ Kd7 37. Rf7+ Ke8 38. Qg8# 1-0